Historia de Chile

Gardado en:
Detalles Bibliográficos
Autor Principal: Famin, M. Cesar (Author)
Formato: Libro
Idioma:Lingua castelá
Publicado: Barcelona Imprenta del Guardia Nacional 1839
Subjects:
Tags: Engadir etiqueta
Sen Etiquetas, Sexa o primeiro en etiquetar este rexistro!

MARC

LEADER 00000nam a2200000 a 4500
001 UCT6047
003 CL-VaPUC
008 961230e18390000SP |||||||||||||||||spa|d
082 0 4 |a 983  |b FAM  |2 21 
100 0 |a Famin, M. Cesar  |e author  |9 375762 
245 1 0 |a Historia de Chile  
300 |a 96 p 
942 |c BK 
945 |d 19961230 00:00:00  |a rleighto 
260 |a Barcelona  |b Imprenta del Guardia Nacional  |c 1839 
650 0 |a Historia  |9 255047 
650 7 |a SIGLOS 17-18  |2 CL-VaPUC  |9 375763 
651 7 |a CHILE  |2 CL-VaPUC  |9 375764 
583 |a last modification  |c 19961230 00:00:00  |k Rodrigo Vera 
999 |c 254782  |d 254780 
952 |0 0  |1 0  |4 0  |6 983_000000000000000_FAM_1839  |7 0  |8 R  |9 276664  |a BIBARQ  |b BIBARQ  |d 2019-11-19  |i 3263746  |o 983 FAM 1839  |p 3263746  |r 2025-01-20  |w 2019-11-19  |y BK_R  |k ARQ